Pays les plus proches des Bahamas - Mort subite - Statistiques

Statistiques générales
  • Ce quiz a été pris 438 fois
  • Le résultat moyen est 3 sur 15
Answers on the Grid
Answers color-coded by a green-red scale on the quiz's grid according to % correct below.
Cuba
États-Unis
Haïti
République dominicaine
Jamaïque
Mexique
Colombie
Honduras
Belize
Venezuela
Nicaragua
Guatemala
Saint-Kitts-et-Nevis
Antigua-et-Barbuda
El Salvador
Mauritanie
Canada
Équateur
Pérou
Bolivie
Guyane
Suriname
Brésil
Chili
Paraguay
Sainte-Lucie
Dominique
Saint-Vincent-et-les-Grenadines
Trinité-et-Tobago
Maroc
 
Statistiques - réponses
Réponse % Correct
Cuba
45%
États-Unis
37%
Haïti
36%
Jamaïque
33%
République dominicaine
30%
Mexique
26%
Belize
23%
Honduras
21%
Guatemala
19%
El Salvador
18%
Nicaragua
18%
Saint-Kitts-et-Nevis
14%
Antigua-et-Barbuda
11%
Colombie
7%
Venezuela
6%
Aucun quiz correspondant
Distribution des résultats
% des personnes avec chaque résultat
Percentile par nombre de réponses
Votre historique - résultats
Vous n’avez pas pris ce quiz